Представление документа в формате MARC21

Поле Инд. ПП Название Значение
Тип записи a
Библиографический уровень m
001 Контрольный номер RU/IS/BASE/226399884
005 Дата корректировки 20140505111656.9
020 00 a ISBN 5-86004-112-8
c Цена, тираж 28000-00
084 a Индекс другой классификации/Индекс ББК 66.63+63.3(2)6-30
090 a Полочн. индекс 66.6
x Авторский знак А 30
100 10 a Автор Адибеков Г. М.
245 00 a Заглавие Организационная структура Коминтерна. 1919-1943
260 00 a Место издания Москва
b Издательство РОССПЭН
c Дата издания 1997
300 00 a Объем 287 с.
650 _4 a Основная рубрика Коминтерн
653 00 a Ключевые слова Коминтерн
700 10 a Другие авторы Шахназарова Э. Н.
700 10 a Другие авторы Шириня К. К.